Theory and Practice of Group Counseling. (Record no. 349916)

000 -LEADER
fixed length control field 00576nam a22002417a 4500
003 - CONTROL NUMBER IDENTIFIER
control field OSt
005 - DATE AND TIME OF LATEST TRANSACTION
control field 20180116183003.0
008 - FIXED-LENGTH DATA ELEMENTS--GENERAL INFORMATION
fixed length control field 150414b xxu||||| |||| 00| 0 eng d
020 ## - INTERNATIONAL STANDARD BOOK NUMBER
International Standard Book Number 0534596991
022 ## - INTERNATIONAL STANDARD SERIAL NUMBER
International Standard Serial Number 0534596991
040 ## - CATALOGING SOURCE
Transcribing agency 0
050 ## - LIBRARY OF CONGRESS CALL NUMBER
Classification number 158.35
082 ## - DEWEY DECIMAL CLASSIFICATION NUMBER
Classification number 158.35
100 ## - MAIN ENTRY--PERSONAL NAME
Personal name Corey,Gerald
245 ## - TITLE STATEMENT
Title Theory and Practice of Group Counseling.
Statement of responsibility, etc. Gerald Corey.
250 ## - EDITION STATEMENT
Edition statement 6th.
260 ## - PUBLICATION, DISTRIBUTION, ETC.
Place of publication, distribution, etc. Australia
Name of publisher, distributor, etc. THOMSON.
Date of publication, distribution, etc. 2004
300 ## - PHYSICAL DESCRIPTION
Extent 522p.
500 ## - GENERAL NOTE
General note Hard Cover
600 ## - SUBJECT ADDED ENTRY--PERSONAL NAME
Personal name Corey,Gerald
700 ## - ADDED ENTRY--PERSONAL NAME
Personal name Corey,Gerald
942 ## - ADDED ENTRY ELEMENTS (KOHA)
Source of classification or shelving scheme
Koha item type Book
Call number prefix 158.35
Holdings
Withdrawn status Lost status Source of classification or shelving scheme Damaged status Not for loan Collection code Permanent Location Current Location Shelving location Date acquired Total Checkouts Full call number Barcode Date last seen Price effective from Koha item type
            Central Library (CL) Central Library (CL) General Stacks 04/14/2015   158.35 COR NBSP-283 04/14/2015 04/14/2015 Book
© 2023 Central Library, National University of Sciences and Technology. All Rights Reserved.